00647nam a22002057a 4500003000500000005001700005008004100022010001000063011001000073035001000083040000900093100003200102245007500134260003800209300001000247502009500257650003200352650001100384710004600395CHAP20220329135203.0971013s1982 r 00010 d a32313 a33285 a37400 cCHAP00aCruz Ceballos, Jorge Mateo. aProyecto meleagrícola de la Comisión del Lago de Texcoco, S.A.R.H. aMéxico, D.F. :bEl autor,c1982 a78 h. aTesis (Médico Veterinario Zootecnista) -- UNAM. Fac. de Medicina Veterinaria y Zootecnia14aAviculturaxMéxico (Edo.)14aPavos.0 aComisión del Lago de Texcoco. México.